Meşrutiyetten Cumhuriyete Tunalı Hilmi Bey (Record no. 7988)

MARC details
000 -BAŞLIK
Sabit Uzunlukta Kontrol Alanı 00775na a2200253 4500
001 - KONTROL NUMARASI
Denetim Alanı 13922
003 - KONTROL NUMARASI IDENTIFIER
Denetim Alanı MIRAKIL
005 - SON İŞLEM TARİHİ VE ZAMANI
Denetim Alanı 20181213155156.0
008 - SABİT-BOY VERİ ELEMANLARI - GENEL BİLGİLER
Sabit Uzunlukta Kontrol Alanı 161031b tu 000 0
035 ## - SİSTEM KONTROL NUMARASI
Sistem Kontrol Numarası 13922
040 ## - KATALOGLAMA KAYNAK
Orijinal Kataloglama Ajansı Milas
Kataloglama Dili tur
Metne Dönüştürmek Ajansı TR-AnCHP
041 ## - DİL KODU
Metin / Ses Parça Veya Ayrı Başlığın Dil Kodu tur
082 ## - DEWEY ONLU SINIFLANDIRMA NUMARASI
Sınıflandırma Numarası 923.2 Tunalı H.
Ürün Numarası M37 2006
090 ## - SINIFLAMA NUMARASI
Sınıflama Numarası 923.2 TunalıH. M37 2006
245 ## - BAŞLIK TABLOSU
Başlık Meşrutiyetten Cumhuriyete Tunalı Hilmi Bey
Sorumluluk Tablosu, Vb yayına hazırlayan İrfan AydınKoleysiyoncular Derneği
246 ## - UNVAN FORM VARYING
Başlık Doğru / Kısa Başlığı Tunalı Hilmi Bey
260 ## - YAYIN, DAĞITIM, VB
Yayın, Dağıtım, Vb Yeri Ankara
Yayıncı, Dağıtıcı, Vs Adı [yayl. y.]
Yayın, Dağıtım, Vb Tarihi 2006
300 ## - FİZİKSEL TANIM
Kapsam 46 s.
Diğer Fiziksel Ayrıntıları fotg.
Boyutlar 18 sm.
600 ## - KONU KATMA GİRİŞ - KURUMSAL ADI
Kişisel Ad Tunalı Hilmi
Bir Adıyla İlişkilendirilen Tarihler 1871-1928
Genel Alt Bölümü Anılar
650 ## - KONU KATMA GİRİŞ - TOPİKAL DÖNEM
Topikal Süreli Veya Coğrafi Ad Giriş Elemanı TBMM
Genel Alt Bölümü Anılar
-- Kuruluş
651 ## - KONU KATMA GİRİŞ - COĞRAFİ ADI
Coğrafi İsim Türkiye
Genel Alt Bölümü Siyaset ve yönetim
Kronolojik Alt Bölümü 19. yüzyıl
651 ## - KONU KATMA GİRİŞ - COĞRAFİ ADI
Coğrafi İsim Türkiye
Genel Alt Bölümü Tarih
942 ## - EKLENDİ GİRİŞ ELEMANLARI (KOHA)
Sınıflandırma Veya Raf Düzeni Kaynak Dewey Decimal Classification
Koha Öğesi Türü Books
999 ## - SİSTEM KONTROL NUMARALARI (KOHA)
Koha Biblionumber 7988
Koha Biblioitemnumber 7988
Holdings
Kalıcı Konum Mevcut Konum Edinme Tarihi Edinim Kaynak Toplam Check-Out'Lar Tam Çağrı Numarası Barkod Tarih Son Görülme İtibaren Geçerli Fiyatlar Koha Öğesi Türü
CHP Kütüphanesi CHP Kütüphanesi 08/22/2016 Bağış   923.2 TunalıH. M37 2006 001589 08/22/2016 08/22/2016 Books
CHP Kütüphanesi CHP Kütüphanesi 08/22/2016 Bağış   923.2 TunalıH. M37 2006 001591 08/22/2016 08/22/2016 Books
CHP Kütüphanesi CHP Kütüphanesi 08/22/2016 Bağış   923.2 TunalıH. M37 2006 P00663 08/22/2016 08/22/2016 Books